[Event "It (open)"]
[Site "masterchessopen.com Hamburg (Germany)"]
[Date "2005.10.02"]
[Round "2"]
[White "Ernst Thomas (SWE)"]
[Black "Mueller Tobias (GER)"]
[Result "1-0"]
[WhiteElo "2475"]
[BlackElo "2079"]

1.e4 c5 2.Nf3 d6 3.d4 cxd4 4.Nxd4 Nf6 5.Nc3 g6 6.Be3 Bg7 7.f3 O-O 8.Qd2 Nc6
9.Bc4 Bd7 10.O-O-O Qa5 11.Bb3 Rfc8 12.h4 Ne5 13.Kb1 Nc4 14.Bxc4 Rxc4 15.Nb3
Qd8 16.e5 Ne8 17.h5 Bxe5 18.hxg6 hxg6 19.Bd4 Bxd4 20.Nxd4 f6 21.Qd3 Rc5
22.Qxg6+ Ng7 23.Rh7 Qf8 24.Rdh1 {#r} 1-0

[Event "Memorial M.Chigorin (open)"]
[Site "masterchessopen.com St.Petersburg (Russia)"]
[Date "2005.10.20"]
[Round "6"]
[White "Ivanov Alexander Al (RUS)"]
[Black "Yankovsky Roman (RUS)"]
[Result "1-0"]
[WhiteElo "2414"]
[BlackElo "2178"]

1.e4 c5 2.Nf3 d6 3.d4 cxd4 4.Nxd4 Nf6 5.Nc3 g6 6.Be3 Bg7 7.f3 O-O 8.Qd2 Nc6
9.Bc4 Bd7 10.O-O-O Qa5 11.Kb1 Rfc8 12.Bb3 Ne5 13.h4 Nc4 14.Bxc4 Rxc4 15.Nb3
Qa6 16.Bd4 Rac8 17.h5 b5 18.hxg6 hxg6 19.Bxf6 exf6 20.Qxd6 Qxd6 21.Rxd6 Be6
22.Rd2 Rb8 23.Nd5 Kf8 24.Nd4 f5 25.Nxe6+ fxe6 26.Nf4 fxe4 27.Nxe6+ Kf7 28.Ng5+
{#r} 1-0

[Event "It (open)"]
[Site "masterchessopen.com Prague (Czech Republic)"]
[Date "2006.01.15"]
[Round "3"]
[White "Preiser Henrik (CZE)"]
[Black "Porat Maya (ISR)"]
[Result "0-1"]
[WhiteElo "1964"]
[BlackElo "2090"]

1.e4 c5 2.Nf3 d6 3.d4 cxd4 4.Nxd4 Nf6 5.Nc3 g6 6.Be3 Bg7 7.Bc4 O-O 8.f3 Nc6
9.Qd2 Bd7 10.O-O-O Qa5 11.h4 Ne5 12.Bb3 Rfc8 13.h5 Nxh5 14.Nde2 Nc4 15.Bxc4
Rxc4 16.g4 Nf6 17.Bh6 Rac8 18.Bxg7 Kxg7 19.Qh6+ Kh8 20.Rd3 R4c5 21.Nf4 e6
22.Rxd6 Rxc3 23.bxc3 Qa3+ {#R} 0-1

[Event "It (open) \"]
[Site "masterchessopen.com Gibraltar (England)"]
[Date "2006.02.01"]
[Round "9"]
[White "Swathi Ghate (IND)"]
[Black "Ocana Roca Juan Jesus (ESP)"]
[Result "1-0"]
[WhiteElo "2385"]
[BlackElo "2130"]

1.e4 c5 2.Nf3 d6 3.d4 cxd4 4.Nxd4 Nf6 5.Nc3 g6 6.Be3 Bg7 7.f3 O-O 8.Qd2 Nc6
9.Bc4 Bd7 10.O-O-O Qa5 11.Bb3 Rfc8 12.g4 Ne5 13.h4 Rc4 14.Bxc4 Nxc4 15.Qd3 Qb4
16.Nb3 Rc8 17.Bd4 Be6 18.Nd5 Bxd5 19.exd5 Nxd5 20.Bxg7 Nf4 21.Qe4 Kxg7 22.Qxf4
Na3 23.Qd4+ e5 24.bxa3 {#r} 1-0

[Event "Tournament (juniors) (under 10)"]
[Site "masterchessopen.com Avoine (France)"]
[Date "2006.02.25"]
[Round "3"]
[White "De Demo Corentin"]
[Black "Naigelblat Maximilien (FRA)"]
[Result "1-0"]
[WhiteElo "1580"]
[BlackElo "1855"]

1.e4 c5 2.Nf3 d6 3.d4 cxd4 4.Nxd4 Nf6 5.Nc3 g6 6.Be3 Bg7 7.f3 O-O 8.Bc4 Nc6
9.Qd2 Bd7 10.O-O-O Qa5 11.h4 Rfc8 12.Bb3 Ne5 13.h5 Nc4 14.Bxc4 Rxc4 15.hxg6
fxg6 16.Bh6 Bh8 17.Bg5 Rxd4 18.Qxd4 Qxg5+ 19.Qd2 Qa5 20.Nd5 Nxd5 21.Qxa5 Ne3
22.Rd3 Bxb2+ 23.Kb1 Nc4 24.Qd5+ {#r} 1-0

[Event "Ch Poland (juniors) (under 18)"]
[Site "masterchessopen.com Leba (Poland)"]
[Date "2006.03.28"]
[Round "6"]
[White "Nowacki Adrian (POL)"]
[Black "Szarwacki Dominik (POL)"]
[Result "1-0"]
[WhiteElo "2028"]
[BlackElo "1870"]

1.e4 c5 2.Nf3 d6 3.d4 cxd4 4.Nxd4 Nf6 5.Nc3 g6 6.Be3 Bg7 7.f3 O-O 8.Qd2 Nc6
9.Bc4 Bd7 10.O-O-O Qa5 11.Bb3 Rfc8 12.h4 Nxd4 13.Bxd4 b5 14.h5 Nxh5 15.Bxg7
Kxg7 16.g4 Rxc3 17.gxh5 b4 18.hxg6 hxg6 19.Qh6+ Kf6 20.bxc3 {#r} 1-0

[Event "It (cat.1) (a)"]
[Site "masterchessopen.com Budapest (Hungary)"]
[Date "2006.05.10"]
[Round "5"]
[White "D'Innocente Stefano (ITA)"]
[Black "Kayar Erdem (TUR)"]
[Result "0-1"]
[WhiteElo "2261"]
[BlackElo "2123"]

1.e4 c5 2.Nf3 d6 3.d4 cxd4 4.Nxd4 Nf6 5.Nc3 g6 6.Be3 Bg7 7.f3 Nc6 8.Qd2 O-O
9.Bc4 Bd7 10.O-O-O Qa5 11.Bb3 Rfc8 12.h4 Ne5 13.h5 Nxh5 14.Bh6 Nd3+ 15.Kb1
Nxb2 16.Kxb2 Bxh6 17.Qxh6 Qxc3+ 18.Kb1 a5 19.g4 a4 20.gxh5 axb3 21.cxb3 Rxa2
{#R} 0-1

[Event "It (open)"]
[Site "masterchessopen.com Pune (India)"]
[Date "2006.11.03"]
[Round "6"]
[White "Kirane Vishvajeet (IND)"]
[Black "Shah Sagar"]
[Result "0-1"]
[WhiteElo "1862"]
[BlackElo "2107"]

1.e4 c5 2.Nf3 d6 3.d4 cxd4 4.Nxd4 Nf6 5.Nc3 g6 6.Be3 Bg7 7.f3 O-O 8.Qd2 Nc6
9.Bc4 Bd7 10.O-O-O Qa5 11.h4 Rfc8 12.Bb3 Ne5 13.g4 b5 14.Bh6 Bxh6 15.Qxh6 Rxc3
16.bxc3 Qxc3 17.Kb1 Nc4 18.Qc1 Rb8 19.h5 a5 20.Rd3 Qb4 21.hxg6 fxg6 22.g5 Nh5
23.Ka1 a4 24.Bxc4+ bxc4 25.c3 Qc5 26.Rdd1 Qe5 27.Ne2 Rf8 28.Rd5 Qg7 29.Qe3 Bc6
{#R} 0-1

[Event "Czech League 2006/07 (2nd) (e)"]
[Site "masterchessopen.com Czech Republic"]
[Date "2007.02.11"]
[Round "7"]
[White "Bures Vit (CZE)"]
[Black "Ponizil Cyril (CZE)"]
[Result "0-1"]
[WhiteElo "2142"]
[BlackElo "2295"]

1.e4 c5 2.Nf3 d6 3.d4 cxd4 4.Nxd4 Nf6 5.Nc3 g6 6.Be3 Bg7 7.f3 Nc6 8.Qd2 O-O
9.Bc4 Bd7 10.O-O-O Qa5 11.Bb3 Rfc8 12.Nd5 Qxd2+ 13.Rxd2 Nxd5 14.Bxd5 Rab8
15.Kb1 a5 16.a3 Ne5 17.h4 b5 18.h5 b4 19.axb4 Rxb4 20.hxg6 hxg6 21.Bg5 e6
22.Ba2 a4 23.Kc1 Nc6 24.Nxc6 Bxb2+ 25.Kd1 Rxc6 26.Bf4 Bc3 27.Rd3 Rb2 {#R} 0-1

[Event "Ch France (team) (nat.2) 2006/07"]
[Site "masterchessopen.com France"]
[Round "10"]
[White "Cheype Marie (FRA)"]
[Black "Gatine Aurelia (FRA)"]
[Result "1-0"]
[WhiteElo "1833"]
[BlackElo "2028"]

1.e4 c5 2.Nf3 d6 3.d4 cxd4 4.Nxd4 Nf6 5.Nc3 g6 6.f3 Bg7 7.Be3 O-O 8.Qd2 Nc6
9.Bc4 Bd7 10.O-O-O Qa5 11.h4 Rfc8 12.Bb3 Ne5 13.h5 Nc4 14.Bxc4 Rxc4 15.hxg6
fxg6 16.Kb1 Rac8 17.Nb3 Qa6 18.Bh6 Bh8 19.g4 Rxc3 20.bxc3 Be6 21.Bg5 Qc4
22.Qh2 Qxc3 23.Rd3 Qc7 24.Bxf6 exf6 25.Qxd6 Bc4 26.Rd2 Qg7 27.Rhd1 {#r} 1-0

[Event "Ch Austria (juniors) (under 18)"]
[Site "masterchessopen.com Bad Ischl (Austria)"]
[Date "2007.04.02"]
[Round "4"]
[White "Kuran Avelino (AUT)"]
[Black "Schwarhofer Christopher (AUT)"]
[Result "1-0"]
[WhiteElo "2069"]
[BlackElo "2186"]

1.e4 c5 2.Nf3 d6 3.d4 cxd4 4.Nxd4 Nf6 5.Nc3 g6 6.Be3 Bg7 7.f3 O-O 8.Bc4 Nc6
9.Qd2 Bd7 10.O-O-O Qa5 11.Bb3 Rfc8 12.h4 Ne5 13.g4 b5 14.h5 Nc4 15.Bxc4 Rxc4
16.Nb3 Qc7 17.hxg6 hxg6 18.Bh6 Bh8 19.Bf8 Rxf8 20.Rxh8+ Kxh8 21.Qh6+ Kg8
22.Rh1 Nh5 23.Nd5 Qd8 24.Nf4 f6 25.Nxh5 Kf7 26.Qg7+ Ke6 27.Nf4+ Ke5 28.Nxg6+
{#r} 1-0

[Event "It (open)"]
[Site "masterchessopen.com Santos (Brazil)"]
[Date "2007.05.27"]
[Round "5"]
[White "Campelo Leandro (BRA)"]
[Black "Assumpcao Roberto (BRA)"]
[Result "1-0"]
[WhiteElo "2248"]
[BlackElo "2255"]

1.e4 c5 2.Nf3 d6 3.d4 cxd4 4.Nxd4 Nf6 5.Nc3 g6 6.Be3 Bg7 7.f3 Nc6 8.Bc4 O-O
9.Qd2 Bd7 10.O-O-O Qa5 11.Bb3 Rfc8 12.g4 Ne5 13.h4 Nc4 14.Bxc4 Rxc4 15.Nb3 Qa6
16.h5 Rac8 17.hxg6 hxg6 18.e5 Ne8 19.Qh2 f5 20.Qh7+ Kf7 21.Rh6 d5 22.Rxd5 Rxc3
23.bxc3 Rxc3 24.Bd4 Rc7 25.Rxd7 Rxd7 26.gxf5 Rxd4 27.Nxd4 Qa3+ 28.Kd1 Nc7
29.Qxg6+ Kf8 30.e6 {#r} 1-0

[Event "It (open)"]
[Site "masterchessopen.com Plunge (Lithuania)"]
[Date "2007.07.22"]
[Round "9"]
[White "Garnelis Julius (LTU)"]
[Black "Paulauskaite Gintare (LTU)"]
[Result "1-0"]
[WhiteElo "2141"]
[BlackElo "2002"]

1.e4 c5 2.Nf3 d6 3.d4 cxd4 4.Nxd4 Nf6 5.Nc3 g6 6.Be3 Bg7 7.f3 O-O 8.Qd2 Nc6
9.Bc4 Bd7 10.O-O-O Qa5 11.Bb3 Rfc8 12.Kb1 Ne5 13.h4 Nc4 14.Bxc4 Rxc4 15.Nb3
Qa6 16.e5 Ne8 17.h5 Rac8 18.hxg6 hxg6 19.g3 Bxe5 20.Qh2 e6 21.Bg5 Kf8 22.Rde1
Bg7 23.Bh6 Rxc3 24.bxc3 f6 25.Bxg7+ Nxg7 26.Qh7 Be8 27.Qh8+ Kf7 28.Rh7 {#r}
1-0

[Event "Ch Italy (juniors) (under 20)"]
[Site "masterchessopen.com Fiuggi (Italy)"]
[Date "2007.07.23"]
[Round "6"]
[White "Caprio Guido (ITA)"]
[Black "Piscitelli Vito (ITA)"]
[Result "1-0"]
[WhiteElo "2071"]
[BlackElo "1904"]

1.e4 c5 2.Nf3 d6 3.d4 cxd4 4.Nxd4 Nf6 5.Nc3 g6 6.Be3 Bg7 7.f3 Nc6 8.Qd2 O-O
9.Bc4 Bd7 10.O-O-O Qa5 11.Bb3 Rfc8 12.Kb1 Ne5 13.Bg5 Rxc3 14.Qxc3 Qxc3 15.bxc3
Rc8 16.f4 Neg4 17.Bxf6 Nxf6 18.Rhe1 Nh5 19.e5 Bg4 20.Rd2 dxe5 21.fxe5 Bh6
22.Rf2 Nf4 23.Ref1 Rf8 24.Rxf4 Bxf4 25.Rxf4 Bc8 26.Nf3 e6 27.Ng5 h6 28.Ne4 Bd7
29.Nf6+ {#r} 1-0

[Event "Bayern Landesliga North 2007/08"]
[Site "masterchessopen.com Bayern (Germany)"]
[Date "2007.11.04"]
[Round "2"]
[White "Eibl Maximilian (GER)"]
[Black "Weber Robert (POL)"]
[Result "1-0"]
[WhiteElo "1998"]
[BlackElo "2089"]

1.e4 c5 2.Nf3 d6 3.d4 cxd4 4.Nxd4 Nf6 5.Nc3 g6 6.Be3 Bg7 7.f3 O-O 8.Bc4 Nc6
9.Qd2 Qa5 10.O-O-O Bd7 11.h4 Rfc8 12.Bb3 Ne5 13.h5 Nxh5 14.g4 Nf6 15.Bh6 Bh8
16.Nf5 Bxf5 17.gxf5 Rxc3 18.fxg6 hxg6 19.bxc3 Rc8 20.Bg5 Nxf3 21.Rxh8+ Kxh8
22.Bxf6+ {#r} 1-0

[Event "Ch Slovenia (qual)"]
[Site "masterchessopen.com Sentjur (Slovenia)"]
[Date "2008.07.12"]
[Round "7"]
[White "Starc Enej (SLO)"]
[Black "Debevec Blaz (SLO)"]
[Result "0-1"]
[WhiteElo "1805"]
[BlackElo "1959"]

1.e4 c5 2.Nf3 d6 3.d4 cxd4 4.Nxd4 Nf6 5.Nc3 g6 6.Be3 Bg7 7.f3 O-O 8.Bc4 Nc6
9.Qd2 Bd7 10.O-O-O Qa5 11.h4 Ne5 12.Bb3 Rfc8 13.Kb1 Nc4 14.Bxc4 Rxc4 15.Nb3
Qa6 16.g4 Rac8 17.h5 b5 18.Rc1 Rxc3 19.bxc3 Nxe4 20.fxe4 Bxc3 21.Qxc3 Rxc3
22.Bd4 Rc4 23.hxg6 fxg6 {#R} 0-1

[Event "It (open)"]
[Site "masterchessopen.com Charleroi (Belgium)"]
[Date "2008.07.29"]
[Round "5"]
[White "Bikady Claude (BEL)"]
[Black "Bruno Ricardo (BEL)"]
[Result "1-0"]
[WhiteElo "2071"]
[BlackElo "1931"]

1.e4 c5 2.Nf3 d6 3.d4 cxd4 4.Nxd4 Nf6 5.Nc3 g6 6.Be3 Bg7 7.Bc4 Nc6 8.f3 O-O
9.Qd2 Bd7 10.O-O-O Qa5 11.h4 Rfc8 12.Bb3 Ne5 13.Kb1 Nc4 14.Bxc4 Rxc4 15.Nb3
Qc7 16.h5 Rxc3 17.bxc3 Nxe4 18.fxe4 Bxc3 19.Qd3 Bg4 20.hxg6 fxg6 21.Qd5+ e6
22.Qxd6 Qc4 23.Qe7 h5 24.Bd4 Bxd4 25.Rxd4 {#r} 1-0

[Event "It (cat.2)"]
[Site "masterchessopen.com Budapest (Hungary)"]
[Date "2008.08.06"]
[Round "5"]
[White "Csirik Andras (HUN)"]
[Black "Kahn Evarth Dr (HUN)"]
[Result "1-0"]
[WhiteElo "2324"]
[BlackElo "2297"]

1.e4 c5 2.Nf3 d6 3.d4 cxd4 4.Nxd4 Nf6 5.Nc3 g6 6.Be3 Bg7 7.f3 O-O 8.Qd2 Nc6
9.Bc4 Bd7 10.O-O-O Qa5 11.Bb3 Rfc8 12.h4 Ne5 13.Kb1 Nc4 14.Bxc4 Rxc4 15.Nb3
Qc7 16.g4 Be6 17.h5 a5 18.Nd4 Rc8 19.hxg6 hxg6 20.Ndb5 Qd7 21.Bh6 Bh8 22.Bf8
Rxf8 23.Rxh8+ Kxh8 24.Qh6+ Kg8 25.Rh1 Nh5 26.gxh5 g5 27.Qxg5+ Kh7 28.Rg1 {#r}
1-0

[Event "Ch France (open) (c)"]
[Site "masterchessopen.com Pau (France)"]
[Date "2008.08.20"]
[Round "8"]
[White "Rouffignac Tanguy (FRA)"]
[Black "Tarayre Pascal (FRA)"]
[Result "0-1"]
[WhiteElo "1659"]
[BlackElo "1751"]

1.e4 c5 2.Nf3 d6 3.d4 cxd4 4.Nxd4 Nf6 5.Nc3 g6 6.Be3 Bg7 7.f3 O-O 8.Bc4 Nc6
9.Qd2 Bd7 10.O-O-O Qa5 11.h4 Rfc8 12.Bb3 Ne5 13.h5 Nxh5 14.g4 Nf6 15.Kb1 Nc4
16.Bxc4 Rxc4 17.Bh6 Bxh6 18.Qxh6 Rxc3 19.bxc3 Qxc3 20.Nf5 Bxf5 21.exf5 Rc8
22.Rd2 Rc5 23.Rdh2 Rb5+ 24.Kc1 Qa3+ 25.Kd2 Qxf3 26.g5 Ne4+ 27.Kc1 Qe3+ {#R}
0-1

[Event "It (cat.1)"]
[Site "masterchessopen.com Budapest (Hungary)"]
[Date "2008.10.06"]
[Round "3"]
[White "Kislik Erik Andrew (USA)"]
[Black "Parkanyi Attila (HUN)"]
[Result "1-0"]
[WhiteElo "2278"]
[BlackElo "2361"]

1.e4 c5 2.Nf3 d6 3.d4 cxd4 4.Nxd4 Nf6 5.Nc3 g6 6.Be3 Bg7 7.f3 Nc6 8.Qd2 O-O
9.Bc4 Bd7 10.O-O-O Qa5 11.h4 Rfc8 12.Bb3 Ne5 13.g4 Nc4 14.Bxc4 Rxc4 15.Nb3 Qc7
16.e5 Ne8 17.Nd5 Qd8 18.Bg5 f6 19.Nxf6+ exf6 20.Qd5+ Kh8 21.exf6 Bxf6 22.Qxc4
Bxg5+ 23.hxg5 Qxg5+ 24.Kb1 Rc8 25.Rxh7+ Kxh7 26.Qf7+ {#r} 1-0

[Event "It (open) (c)"]
[Site "masterchessopen.com Benidorm (Spain)"]
[Date "2008.12.06"]
[Round "8"]
[White "Arroyo Rodriguez Jesus (ESP)"]
[Black "Olias Munoz Francisco (ESP)"]
[Result "1-0"]
[WhiteElo "1994"]
[BlackElo "1920"]

1.e4 c5 2.Nf3 d6 3.d4 cxd4 4.Nxd4 Nf6 5.Nc3 g6 6.Be3 Bg7 7.f3 O-O 8.Qd2 Nc6
9.Bc4 Bd7 10.O-O-O Qa5 11.h4 Rfc8 12.Bb3 Ne5 13.h5 Nxh5 14.Bh6 Nd3+ 15.Kb1
Nxb2 16.Kxb2 Bxh6 17.Qxh6 Rxc3 18.g4 Nf6 19.g5 Rxb3+ 20.axb3 Nh5 21.f4 Rc8
22.f5 Qe5 23.Rxh5 gxh5 24.f6 exf6 25.gxf6 Qg3 26.Qxh5 Qg6 27.Qh4 Rc5 28.Ne2
Kh8 29.Rg1 {#r} 1-0

[Event "Ch City"]
[Site "masterchessopen.com Belgrade (Serbia)"]
[Date "2009.01.30"]
[Round "7"]
[White "Vucinic Gojko (SRB)"]
[Black "Dimic Pavle (SRB)"]
[Result "1-0"]
[WhiteElo "1937"]
[BlackElo "1893"]

1.e4 c5 2.Nf3 Nc6 3.d4 cxd4 4.Nxd4 g6 5.Nc3 Bg7 6.Be3 Nf6 7.f3 Qa5 8.Qd2 O-O
9.O-O-O d6 10.Bc4 Bd7 11.h4 Ne5 12.Bb3 Rfc8 13.h5 Nc4 14.Bxc4 Rxc4 15.hxg6
fxg6 16.Bh6 Bh8 17.Nb3 Qd8 18.e5 dxe5 19.Nd5 Ne8 20.Bg5 Bf6 21.Nxf6+ exf6
22.Qd5+ Kh8 23.Qxc4 fxg5 24.Qd3 Nf6 25.Nc5 {#r} 1-0

[Event "Ch Russia (juniors) (under 18) (1 league)"]
[Site "masterchessopen.com Dagomys (Russia)"]
[Date "2009.04.20"]
[Round "6"]
[White "Baisaev Tamerlan (RUS)"]
[Black "Akunka Dmitry (RUS)"]
[Result "1-0"]
[WhiteElo "2030"]
[BlackElo "2029"]

1.e4 c5 2.Nf3 d6 3.d4 cxd4 4.Nxd4 Nf6 5.Nc3 g6 6.Be3 Bg7 7.f3 O-O 8.Qd2 Nc6
9.Bc4 Bd7 10.O-O-O Qa5 11.Bb3 Rfc8 12.g4 Ne5 13.Kb1 Nc4 14.Bxc4 Rxc4 15.Nb3
Qc7 16.h4 Rc8 17.h5 b5 18.hxg6 hxg6 19.Qh2 Rxc3 20.bxc3 Qxc3 21.Rd3 Qc4 22.Bh6
Bh8 23.Bg5 Bg7 24.e5 Nd5 25.Qh7+ Kf8 26.Bh6 Qxc2+ 27.Ka1 Be6 28.Qh8# 1-0

[Event "Ch World (schools) (under 13)"]
[Site "masterchessopen.com Thessaloniki (Greece)"]
[Date "2009.05.01"]
[Round "6"]
[White "Yuksel Atilla Koksal (TUR)"]
[Black "Vigram M (IND)"]
[Result "0-1"]
[WhiteElo "1961"]
[BlackElo "1871"]

1.e4 c5 2.Nf3 d6 3.d4 cxd4 4.Nxd4 Nf6 5.Nc3 g6 6.Be3 Bg7 7.f3 Nc6 8.Qd2 O-O
9.Bc4 Bd7 10.O-O-O Qa5 11.Bb3 Rfc8 12.Kb1 Ne5 13.g4 Nc4 14.Bxc4 Rxc4 15.h4
Rac8 16.h5 Bxg4 17.Nb3 Qa6 18.fxg4 Rxc3 19.bxc3 Nxe4 20.Qd3 Nxc3+ 21.Kc1 Qa3+
22.Kd2 Nxd1 23.Rxd1 Qb4+ 24.Kc1 Rc3 25.Qe2 Qa3+ 26.Kd2 Qxa2 27.Na1 Qa5 {#R}
0-1

[Event "It (for the Blind)"]
[Site "masterchessopen.com Izola (Slovenia)"]
[Date "2009.06.18"]
[Round "5"]
[White "Pirosca Alexandru (ROM)"]
[Black "Pribeanu Dacian (ROM)"]
[Result "0-1"]
[WhiteElo "2096"]
[BlackElo "2208"]

1.e4 c5 2.Nf3 Nc6 3.d4 cxd4 4.Nxd4 Nf6 5.Nc3 d6 6.Be3 g6 7.f3 Bg7 8.Qd2 O-O
9.Bc4 Bd7 10.O-O-O Qa5 11.Bb3 Rfc8 12.h4 h5 13.g4 Ne5 14.gxh5 Nxh5 15.Rhg1
Rxc3 16.bxc3 Nxf3 17.Qd3 Ne5 18.Qd2 Nf6 19.Qg2 Qxc3 20.Kb1 Qxe3 {#R} 0-1

[Event "It (open)"]
[Site "masterchessopen.com Wasselonne (France)"]
[Date "2009.08.07"]
[Round "3"]
[White "Cantin Loic (FRA)"]
[Black "Flick Antoine"]
[Result "1-0"]
[WhiteElo "1815"]
[BlackElo "1560"]

1.e4 c5 2.Nf3 d6 3.d4 cxd4 4.Nxd4 Nf6 5.Nc3 g6 6.Be3 Bg7 7.f3 O-O 8.Qd2 Nc6
9.O-O-O Qa5 10.Bc4 Bd7 11.h4 Rfc8 12.Bb3 Ne5 13.h5 a6 14.hxg6 Nxg6 15.Bh6 Bh8
16.g4 Bxg4 17.fxg4 Nxg4 18.Rdg1 Nxh6 19.Qxh6 Bxd4 20.Qxh7+ Kf8 21.Qxf7# 1-0

[Event "Czech League 2009/10 (krajsky prebor)"]
[Site "masterchessopen.com Czech Republic"]
[Date "2009.10.14"]
[Round "0"]
[White "Veznik Petr (CZE)"]
[Black "Palka Miroslav (SVK)"]
[Result "1-0"]
[WhiteElo "1957"]
[BlackElo "1976"]

1.e4 c5 2.Nf3 d6 3.d4 cxd4 4.Nxd4 Nf6 5.Nc3 g6 6.Bc4 Bg7 7.Be3 O-O 8.f3 Nc6
9.Qd2 Bd7 10.O-O-O Qa5 11.h4 Ne5 12.Bb3 Rfc8 13.h5 Nc4 14.Bxc4 Rxc4 15.hxg6
hxg6 16.Nb3 Qc7 17.Bh6 Bh8 18.Bg5 Bg7 19.Bh6 Bh8 20.Bf8 Rxf8 21.Rxh8+ Kxh8
22.Qh6+ Kg8 23.Nd5 Rxc2+ 24.Kb1 Nxd5 25.Rh1 Rxb2+ 26.Ka1 Rxa2+ 27.Kxa2 Nc3+
28.Ka1 {#r} 1-0

[Event "Memorial V.Stopkin (open)"]
[Site "masterchessopen.com Nikolaev (Ukraine)"]
[Date "2009.11.28"]
[Round "9"]
[White "Ivanenko Olga (UKR)"]
[Black "Demidenko Stanislav (UKR)"]
[Result "1-0"]
[WhiteElo "2033"]
[BlackElo "2205"]

1.e4 c5 2.Nf3 d6 3.d4 cxd4 4.Nxd4 Nf6 5.Nc3 g6 6.Be3 Bg7 7.f3 Nc6 8.Qd2 O-O
9.Bc4 Qa5 10.O-O-O Bd7 11.Bb3 Rfc8 12.h4 Ne5 13.Kb1 Nc4 14.Bxc4 Rxc4 15.Nb3
Qc7 16.g4 Rc8 17.e5 Ne8 18.Nd5 Qd8 19.exd6 Nxd6 20.Bg5 f6 21.Rhe1 Rxc2
22.Nxe7+ Kh8 23.Qxd6 fxg5 24.Nd4 Rf2 25.Nxc8 Qxc8 26.Re7 Bb5 27.Ne2 Rxe2
28.Qd8+ Be8 {#r} 1-0

[Event "Ch City"]
[Site "masterchessopen.com Izhevsk (Russia)"]
[Date "2010.02.28"]
[Round "9"]
[White "Lepkasov Vladislav (RUS)"]
[Black "Shibanov Viktor (RUS)"]
[Result "1-0"]
[WhiteElo "2126"]
[BlackElo "1955"]

1.e4 c5 2.Nf3 d6 3.d4 cxd4 4.Nxd4 Nf6 5.Nc3 g6 6.Be3 Bg7 7.f3 Nc6 8.Qd2 O-O
9.Bc4 Bd7 10.O-O-O Qa5 11.h4 Rfc8 12.Bb3 Ne5 13.Bg5 Rc5 14.Kb1 Rac8 15.h5 Nc4
16.Bxc4 Rxg5 17.Nb3 Qb6 18.Bxf7+ Kxf7 19.Qxg5 Bc6 20.hxg6+ hxg6 21.Ne2 a5
22.Nf4 Bd7 23.Qxg6+ Kg8 24.Nh5 Nxh5 25.Rxh5 Rc5 26.Rh7 {#r} 1-0

[Event "Ch Czech Republic"]
[Site "masterchessopen.com Ostrava (Czech Republic)"]
[Date "2010.05.02"]
[Round "2"]
[White "Velicka Petr (CZE)"]
[Black "Pisk Petr (CZE)"]
[Result "1-0"]
[WhiteElo "2470"]
[BlackElo "2313"]

1.e4 c5 2.Nf3 d6 3.d4 Nf6 4.Nc3 cxd4 5.Nxd4 g6 6.Be3 Bg7 7.f3 O-O 8.Qd2 Nc6
9.Bc4 Bd7 10.O-O-O Qa5 11.Bb3 Rfc8 12.Kb1 Ne5 13.h4 Nc4 14.Bxc4 Rxc4 15.Nb3
Qc7 16.g4 Be6 17.Nd4 Qa5 18.Nb3 Qc7 19.h5 Rc8 20.Nb5 Qd8 21.N5d4 Bd7 22.hxg6
fxg6 23.e5 Nd5 24.Nf5 Bxf5 25.gxf5 Nxe3 26.Qxe3 Rxc2 27.fxg6 Bxe5 28.gxh7+
{#r} 1-0

[Event "Ch Portugal (team) (1 div) (gr.A)"]
[Site "masterchessopen.com Vila Nova de Gaia (Portugal)"]
[Date "2010.07.25"]
[Round "2"]
[White "Francisco Luis (POR)"]
[Black "Hoffman Alejandro (ARG)"]
[Result "0-1"]
[WhiteElo "1972"]
[BlackElo "2439"]

1.e4 c5 2.Nf3 d6 3.d4 cxd4 4.Nxd4 Nf6 5.Nc3 g6 6.Bc4 Bg7 7.f3 O-O 8.Be3 Nc6
9.Qd2 Bd7 10.O-O-O Qa5 11.h4 Rfc8 12.Bb3 Ne5 13.h5 Nxh5 14.g4 Nf6 15.Bh6 Bxh6
16.Rxh6 Rxc3 17.bxc3 Rc8 18.Rxh7 Nxh7 19.Qh6 Nc4 20.Rh1 Qg5+ {#R} 0-1

[Event "It \"]
[Site "masterchessopen.com Los Angeles (USA)"]
[Date "2011.06.04"]
[Round "3"]
[White "Krishnan Varun (USA)"]
[Black "Stevens Lawrence (USA)"]
[Result "1-0"]
[WhiteElo "2106"]
[BlackElo "2040"]

1.e4 c5 2.Nf3 d6 3.d4 cxd4 4.Nxd4 Nf6 5.Nc3 g6 6.Be3 Bg7 7.f3 O-O 8.Qd2 Nc6
9.Bc4 Bd7 10.O-O-O Qa5 11.h4 Rfc8 12.Bb3 Ne5 13.g4 Nc4 14.Bxc4 Rxc4 15.h5 Rac8
16.Nb3 Qa6 17.hxg6 fxg6 18.Bh6 Rxc3 19.bxc3 Bxh6 20.Qxh6 Be6 21.g5 Bxb3
22.gxf6 exf6 23.Qxh7+ Kf8 24.Qh8+ Bg8 25.Qxf6+ Ke8 26.Qxd6 {#r} 1-0

[Event "It \"]
[Site "masterchessopen.com Bad Homburg (Germany)"]
[Date "2011.06.23"]
[Round "2"]
[White "Braunberger Gerald (GER)"]
[Black "Kreiling Carsten (GER)"]
[Result "1-0"]
[WhiteElo "2000"]
[BlackElo "2105"]

1.e4 c5 2.Nf3 d6 3.d4 cxd4 4.Nxd4 Nf6 5.Nc3 g6 6.Be3 Bg7 7.f3 O-O 8.Qd2 Nc6
9.Bc4 Bd7 10.O-O-O Qa5 11.Bb3 Rfc8 12.h4 Ne5 13.g4 b5 14.h5 Nc4 15.Bxc4 bxc4
16.hxg6 fxg6 17.Rdg1 Rab8 18.Nf5 gxf5 19.gxf5 Kf7 20.Bd4 Rh8 21.Rxg7+ Kxg7
22.Qh6+ Kf7 23.Nd5 Qd8 24.Bxf6 exf6 25.Rg1 Bxf5 26.exf5 Ke8 27.Nxf6+ Qxf6
28.Qxf6 Kd7 29.Rd1 {#r} 1-0

[Event "Ch Hungary (juniors) (under 16)"]
[Site "masterchessopen.com Celldoemoelk (Hungary)"]
[Date "2011.07.02"]
[Round "6"]
[White "Tesik Csaba (HUN)"]
[Black "Becskei Zoltan (HUN)"]
[Result "1-0"]
[WhiteElo "2340"]
[BlackElo "2208"]

1.e4 c5 2.Nf3 d6 3.d4 cxd4 4.Nxd4 Nf6 5.Nc3 g6 6.Be3 Bg7 7.f3 O-O 8.Bc4 Nc6
9.Qd2 Bd7 10.O-O-O Qa5 11.Bb3 Rfc8 12.Kb1 Rab8 13.h4 Ne5 14.Bh6 Bxh6 15.Qxh6
Rxc3 16.bxc3 Qxc3 17.Ne2 Qc5 18.h5 Nc4 19.hxg6 Be6 20.gxf7+ Bxf7 21.Nd4 Na3+
22.Kb2 Bxb3 23.axb3 Qb4 24.Nf5 Nc4+ 25.Kb1 Na3+ 26.Kc1 Nh5 27.Rxh5 Qc3
28.Qxh7+ Kf8 29.Qxe7+ {#r} 1-0

[Event "It (open)"]
[Site "masterchessopen.com Roux (Belgium)"]
[Date "2011.08.06"]
[Round "9"]
[White "Callier Christophe (BEL)"]
[Black "Bruno Ricardo (BEL)"]
[Result "1-0"]
[WhiteElo "2036"]
[BlackElo "1962"]

1.e4 c5 2.Nf3 d6 3.d4 cxd4 4.Nxd4 Nf6 5.Nc3 g6 6.Be3 Bg7 7.f3 Nc6 8.Bc4 O-O
9.Qd2 Bd7 10.O-O-O Qa5 11.h4 Ne5 12.Bb3 Rfc8 13.Kb1 Nc4 14.Bxc4 Rxc4 15.Nb3
Qc7 16.g4 Be6 17.Nd4 Rc8 18.Nxe6 fxe6 19.h5 b5 20.hxg6 b4 21.Nb5 Qa5 22.gxh7+
Kh8 23.Nd4 Ne8 24.Rc1 Rc3 25.Rh5 Qa4 26.Nxe6 Ra3 27.Nf4 Bxb2 28.Ng6+ Kg7
29.h8=Q+ Kf7 {#r} 1-0

[Event "Cup Belgrade (team)"]
[Site "masterchessopen.com Belgrade (Serbia)"]
[Date "2012.04.22"]
[Round "5"]
[White "Ilic Slobodan (SRB)"]
[Black "Poleksic Dusan (SRB)"]
[Result "0-1"]
[WhiteElo "2160"]
[BlackElo "1672"]

1.e4 c5 2.Nf3 d6 3.d4 cxd4 4.Nxd4 Nf6 5.Nc3 g6 6.Be3 Bg7 7.f3 O-O 8.Bc4 Nc6
9.Qd2 Bd7 10.O-O-O Qa5 11.h4 Ne5 12.Bb3 Rfc8 13.Kb1 Nc4 14.Bxc4 Rxc4 15.h5
Nxh5 16.g4 Nf6 17.Nb3 Qa6 18.Bh6 Bxh6 19.Rxh6 Be6 20.g5 Nh5 21.Nd5 Bxd5
22.Qxd5 Rac8 23.Nd4 R8c5 {#R} 0-1